UNIX : The Complete Reference /
Unix es un sistema operativo que fue desarrollado a principios de años setenta. Es utilizado para sistemas de gestión, bases de datos, sistemas de producción, diseño por computadora, cálculos en procesos de ingeniería, servicios de Internet y para realizar simulaciones. La presente guía de referenci...
Zapisane w:
| Kolejni autorzy: | |
|---|---|
| Format: | Książka |
| Język: | angielski |
| Wydane: |
Nueva York, EUA :
McGraw-Hill,
2007, c2007
|
| Wydanie: | 2a edición |
| Hasła przedmiotowe: | |
| Etykiety: |
Nie ma etykietki, Dołącz pierwszą etykiete!
|
MARC
| LEADER | 00000nam^a2200000^a^4500 | ||
|---|---|---|---|
| 001 | 000410383 | ||
| 005 | 20250521000000.0 | ||
| 009 | 20260310122045.517 | ||
| 020 | |a 978-0-07-226336-7 | ||
| 037 | |a Acervo ITESO - Biblioteca | ||
| 041 | |a ING | ||
| 082 | |a 005. 43 |b UNI | ||
| 245 | 0 | 0 | |a UNIX : |b The Complete Reference / |c K.H. Rosen... [et al.]. |
| 250 | |a 2a edición | ||
| 264 | 4 | |a Nueva York, EUA : |b McGraw-Hill, |c 2007, c2007 | |
| 300 | |a XXXVIII, 873 p. | ||
| 336 | |a texto |b txt |2 rdacontenido | ||
| 337 | |a sin mediación |b n |2 rdamedio | ||
| 338 | |a volumen |b nc |2 rdasoporte | ||
| 520 | |a Unix es un sistema operativo que fue desarrollado a principios de años setenta. Es utilizado para sistemas de gestión, bases de datos, sistemas de producción, diseño por computadora, cálculos en procesos de ingeniería, servicios de Internet y para realizar simulaciones. La presente guía de referencia incluye información para la instalación, uso y administración de redes con base en UNIX, además de abordar su relación con Linux, HP-UX, UnixWare y Solaris. | ||
| 649 | |a XX | ||
| 650 | |a Sistemas Operativos - |x Administración - |x Tema Principal | ||
| 650 | |a Internet | ||
| 650 | |a Redes de Computadoras - |x Administración - |x Tema Principal | ||
| 650 | |a Sistemas de Telecomunicación | ||
| 650 | |a Sistemas Computacionales | ||
| 650 | |a Ingeniería Computacional | ||
| 700 | |a Rosen, Kenneth H. |e (autor) | ||
| 910 | |a Fondo General | ||
| 920 | |a Impresos - Libros | ||
| 930 | |a Colección General | ||
| 905 | |a 101 | ||
| 901 | |a 0500319002 |b IT1 |c ACC |i D104822 |u 20250521 | ||
| 902 | |a https://opac.biblio.iteso.mx/vufind/Record/000410383 | ||